| 000 | 00396nam a22001697a 4500 | ||
|---|---|---|---|
| 005 | 20160527094903.0 | ||
| 008 | 160527b xxu||||| |||| 00| 0 eng d | ||
| 020 | _a81-259-0956-7 | ||
| 041 | _aeng | ||
| 082 | _b5373 | ||
| 100 |
_aVaish, M.C. _9262 |
||
| 245 | _aMonetary Theory | ||
| 260 |
_aNew Delhi _bAcademic Faundation _c2004 |
||
| 300 | _a638 | ||
| 650 |
_aManagement _9241 |
||
| 942 | _cBK | ||
| 999 |
_c1907 _d1906 |
||